000 00943nam a2200277 a 4500
001 66035
003 BD-RjUL
005 20211209081507.0
008 170313s1985 caua b 001 0 eng
020 _a0534038190 :
_c$24.00
035 _a(BD-RjUL)66165
040 _aDLC
_cDLC
_dBD-RjUL
_beng
041 _aeng
082 0 0 _a005.73
_223
_bSTD 1985
100 1 _aStubbs, Daniel F.,
_d1938-
_9195325
245 1 0 _aData structures with abstract data types and Pascal /
_cDaniel F. Stubbs and Neil W. Webre.
260 _aMonterey, CA :
_bBrooks Cole Pub. Co.,
_cc1985.
300 _axviii, 459 p. :
_bill. ;
_c25 cm.
504 _aIncludes index and bibliography
650 0 _aData structures (Computer science)
_9195140
650 0 _aAbstract data types (Computer science)
_9195326
650 0 _aPascal (Computer program language)
_9194585
700 1 _aWebre, Neil W.,
_d1938-
_9195327
942 _2ddc
_cBK
999 _c66035
_d66035